| 000 | 00850nam a22002051c 4500 | ||
|---|---|---|---|
| 001 | a987691236 | ||
| 008 | 190207s2017 gw |||| 000u rus d | ||
| 020 |
_a9785824321142 _9978-5-8243-2114-2 |
||
| 041 | _arus | ||
| 245 | 0 | 0 |
_aIstoričeskie dokumenty i aktual'nye problemy archeografii, istočnikovedenija, rossijskoj i vseobščej istorii Novogo i novejšego vremeni ; sbornik materialov Sed'moj meždunarodnoj konferencii molodych učenych i specialistov "Clio-2017" / _cOtvetstvennyj redaktor S.A. Kotov |
| 264 |
_aMoskva : _bROSSPEN, _c2017 |
||
| 300 | _a582 Seiten | ||
| 650 | 0 | _aBürgerkrieg | |
| 700 | 1 |
_aSorokin, Andrej Konstantinovič _eHerausgeberIn |
|
| 700 | 1 |
_aKotov, S.A. _eHerausgeberIn |
|
| 710 | 2 | _aRossijskij gosudarstvennyj archiv social'no-politiceskoj istorii | |
| 942 | _cMG | ||
| 040 | _cRU-10907106 | ||
| 003 | RU-10907106 | ||
| 999 |
_c52782 _d52782 |
||